Kinship at the core : an anthropology of Elmdon a village in north-west Essex in the nineteen-sixties

Αποθηκεύτηκε σε:
Λεπτομέρειες βιβλιογραφικής εγγραφής
Κύριος συγγραφέας: Strathern, Marilyn
Μορφή: Βιβλίο
Γλώσσα:English
Δημοσίευση: Cambridge : Cambridge University Press, 1981
Θέματα:
Ετικέτες: Προσθήκη ετικέτας
Δεν υπάρχουν, Καταχωρήστε ετικέτα πρώτοι!

MARC

LEADER 00000cam a2200000 i 4500
001 1/90282
008 970508s1981 eng d
020 |a 0-521-23360-7 
035 |l 10007462 
040 |a GR-MY-UA  |b gre  |e aacr 
041 0 |a eng 
082 0 |a 306.80942 
100 1 |a Strathern, Marilyn. 
245 1 0 |a Kinship at the core :  |b an anthropology of Elmdon a village in north-west Essex in the nineteen-sixties /  |c Marilyn Strathern ; With a foreword by Audrey Richards and an epilogue by Frances Oxford 
260 |a Cambridge :   |b Cambridge University Press,   |c 1981 
300 |a xxxiv, 301 p.;  |b ill.; geneal; tables;  |c 24 cm 
504 |a Bibliography: p. 296-297. Includes index 
650 0 0 |a Villages  |z England  |z Elmdon. 
651 0 |a Elmdon (England)  |x Social conditions. 
852 |a INST  |b LESVOS  |e 19970508  |h 306.80942 STR  |p 005100011337  |q 005100011337  |t BK  |y 0 
909 |a Λ  |b 012070